Quizzes
Events
Quiz Creation
Community
Videos
Private Events
Remove Ads
Sign In
Join for FREE
Feedback
Dark Mode
Quiz Categories
Sports
Geography
Music
Movies
Television
Just For Fun
Miscellaneous
History
Literature
Language
Science
Gaming
Entertainment
Religion
Holiday
For Kids
Quiz Lab
Recent
Popular Today
Quiz Kudos Today
Editor Picks
Curator Picks
Quizzes by...
Day
Popularity
Type
Ratings
Length
Year
Community
Subscriptions
Recent Discussions
Orange Saloon
Badges
Playlists
Quests
Create
Leaderboards
Showdown
Live 5
Trivia Bingo
Activity
Puzzle Library
Sporcle Events
Private Events
Virtual Trivia
Globe League
Become a Host
Pub Owners
SporcleCon
Opinionation
Our Games
Videos
Blog
Mobile Apps
Partnerships
Remove Ads and Go Orange
Feedback
Geography
Country
Landmarks
City
State
Population
World
Capital
Continent
Flags
Europe
Africa
Asia
South America
North America
Oceania
Border
Canada
United Kingdom
Topography
United States
Geography
Country
Landmarks
City
State
Population
World
Capital
Continent
Flags
Europe
Africa
Asia
South America
North America
Oceania
Border
Canada
United Kingdom
Topography
United States
Random Quiz
Search Sporcle
×
Quiz Lab
Quiz Lab
Geography
New York
Type in answers that appear in a list
Type in answers that appear in a list
Classic
Best Score? Go Orange.
Localities of Onondaga County, NY Stats
Can you name the localities of Onondaga County, NY?
By
SporcleEXP
5m
46 Questions
143 Plays
143 Plays
143 Plays
Comments
Comments
Give Quiz Kudos
Give Quiz Kudos
-
- Ratings
hide this ad
Replay
Link that replays current quiz
Next Quiz
Link to next quiz in quiz playlist
You Got
0%
They Got
Avg Score
64%
Avg Friend Score
Upgrade to see
Score Distribution
Jump to the score distribution portion of the page
Score
0/46
Timer
05:00
0
Plays Today
Locality
Place
% Correct
City
Syracuse
96.5%
Towns
Cicero
90.1%
Towns
Manlius
90.1%
Villages
Manlius
90.1%
Towns
DeWitt
86.5%
Villages
East Syracuse
86.5%
Villages
Fayetteville
85.1%
Villages
Baldwinsville
84.4%
Villages
North Syracuse
84.4%
Towns
Camillus
83%
Towns
Clay
83%
Villages
Camillus
83%
Towns
Marcellus
75.9%
Towns
Onondaga
75.9%
Villages
Marcellus
75.9%
Towns
Tully
73%
Villages
Tully
73%
Towns
Skaneateles
71.6%
Villages
Liverpool
71.6%
Villages
Skaneateles
71.6%
Villages
Solvay
71.6%
Towns
Van Buren
68.1%
Towns
Pompey
66.7%
Locality
Place
% Correct
Towns
Elbridge
66%
Villages
Elbridge
66%
Villages
Jordan
66%
Villages
Minoa
65.2%
Towns
Fabius
63.8%
Towns
Salina
63.8%
Villages
Fabius
63.8%
CDP
Brewerton (in part)
62%
Towns
Lysander
61.7%
Towns
Geddes
59.6%
Towns
LaFayette
58.9%
CDP
Fairmount
56.2%
CDP
Lyncourt
51.2%
CDP
Bridgeport (in part)
50.4%
CDP
Nedrow
46.3%
Towns
Otisco
46.1%
CDP
Mattydale
41.3%
Towns
Spafford
40.4%
CDP
Westvale
38%
CDP
Lakeland
29.8%
CDP
Village Green
28.9%
CDP
Seneca Knolls
28.1%
CDP
Galeville
27.3%
Quiz Playlist
Details
Report
Send in Message
Add To Playlist
Classic:
Type in answers that appear in a list
Quiz Source
Last Updated: Feb 11, 2019
Quiz Scoreboard
CHALLENGE
Sign Up to Join the Scoreboard
Show All
Scores
Hide
Comments
May contain spoilers
Recently Published
1-10 Letter E Words III
by El_Dandy
Language
2m
One Thing in Common: World Cities II
by knightlancer
Geography
7m
Popular People in 1961
by mucciniale
History
6m
More to Explore
Quiz From the Vault
Featured Blog Post
Where Did the Easter Bunny Come From?
hide this ad
You Might Also Like...
Tags
Municipality
New York
upstate
Villages Towns
Today's Top Quizzes in Geography
Browse Geography
hide this ad
Today's Top Quizzes in New York
Browse New York
Top Contributed Quizzes in Geography
1
Countries of the World - No Outlines Minefield
2
Top 25 Cities of France on a map
3
Closest Countries to UK A-Z
4
African Flag Reveal XLV
5
Blind Ultimate Minefield: USA
6
One Thing in Common: United Kingdom
7
Blind Secret Country CLXXXVIII
8
One Thing in Common: Asia
9
Find the US States - No Outlines
10
One Thing in Common: Geography
Explore More
Trending Topics
Crossword
Harry Potter
Disney
Anime
NBA
Kpop
Marvel
The Office
WWE
Pokémon
NFL
Country
Soccer
Song
Puzzle
hide this ad
More By:
SporcleEXP
Quiz
Plays
Rating
Category
Featured
Created
Harry Potter Deaths in Order Minefield
3,067,941
4.18
Literature
Jan 27, 2016
Sins, Dwarfs, and Spice Girls
847,245
4.42
Just For Fun
Apr 11, 2012
Ancient History Bunker
708,009
4.28
History
Jan 20, 2014
Movie Posters VI
678,966
4.37
Movies
Nov 12, 2010
Movie Posters VII
621,792
4.44
Movies
Apr 16, 2011
Go to Creator's Profile
Score Distribution
Quiz Creator Spotlight
SporcleEXP
Follow
Send a Message
Quizzes Created
-
Created Quiz Play Count
-
More By This Creator
Popular Quizzes Today
1
Find the US States - No Outlines Minefield
2
Find the Countries of Europe - No Outlines Minefield
3
The Countries of the World
4
Popular People in 1961
5
1-10 Letter E Words III
6
Find the US States
7
One Thing in Common: World Cities II
8
US States
More Geography Quizzes
Oil Producing Countries
Published
Trending Quizzes
Risky Map Clicking: Least Populous States A-Z
1-10 Letter F Words
1-10 Letter G Words
One Thing in Common: United Kingdom
Risky Map Clicking: Biggest States A-Z
Recently Updated
Leaping Animals
pecheneg
Reality TV Shows (A-Z)
bhenderson79
Rickey Henderson's Hall of Fame Teammates
pecheneg
Champions League XIs: Arsenal
pecheneg
Quick Pick: Celebrities in WWE's Hall of Fame
aduchscher
A-Z Keypad Blitz II
pecheneg
Multiple Oscar Actors
pecheneg
Mystery Phrase Blitz: Oscar 'Best Actors'
pecheneg
F. Scott Fitzgerald Novels
LTH
Pick 3 Villains
ddd62291
Trending Topics
Crossword
Disney
Kpop
Harry Potter
Anime
Marvel
NBA
Country
Song
Pokémon
WWE
NFL
The Office
Puzzle
Soccer
Your Account Isn't Verified!
In order to create a playlist on Sporcle, you need to verify the email address you used during registration. Go to your
Sporcle Settings
to finish the process.
Report this User
Report this user for behavior that violates our
Community Guidelines
.
Details:
Send Report
Go to the Sporcle.com Mobile Site →
Comments